Fundamentals of data structures /

Guardado en:
Autor Principal: Horowitz, Ellis.
Otros Autores: Sahni, Sartaj.
Formato: Libro
Idioma:English
Publicado: [Woodland Hills, Calif.] : Computer Science Press, c1976.
Series:Computer software engineering series
Materias:
Etiquetas: Agregar Etiqueta
Sin Etiquetas, Sea el primero en etiquetar este registro!
LEADER 00768cam a2200229 a 4500
001 MAT.inmabb005973
008 760422s1976####caua#####b####001#0#eng##
005 20130319113452.0
245 1 0 |a Fundamentals of data structures /  |c Ellis Horowitz, Sartaj Sahni. 
260 |a [Woodland Hills, Calif.] :  |b Computer Science Press,  |c c1976. 
300 |a xii, 564 p. :  |b il. ;  |c 24 cm. 
440 0 |a Computer software engineering series 
504 |a Incluye referencias bibliográficas e índices. 
510 4 |a MR,  |c 54 #6540 
020 |a 091489420X 
100 1 |a Horowitz, Ellis. 
700 1 |a Sahni, Sartaj. 
650 0 |a Data structures (Computer science) 
084 |a 68P05  |2 msc2000 
010 |a  76015250  
040 |a DLC  |c DLC  |d DLC 
859 |h 68  |i H816  |p A-4799  |b BIB. MATEMATICA